| 000 | 01193nam a2200301 a 4500 | ||
|---|---|---|---|
| 001 | BRCA_741 | ||
| 005 | 20190320203129.0 | ||
| 008 | 980610s1998 mx-a---##b---#000-0#eng-u | ||
| 020 | _a968653363X | ||
| 041 | _aengspa | ||
| 050 | 4 |
_aNK844 _b.U86 6 _c1998 |
|
| 100 | 1 |
_aCastelló Yturbide, Teresa _92444 |
|
| 245 | 1 | 0 |
_aLa chaquira en México _cTeresa Castelló Yturbide, Carlotta Mapelli Mozzi ; introducción Alfonso de María y Campos. |
| 260 |
_aMéxico _bMuseo Franz Mayer : Artes de México _c1998 |
||
| 300 |
_a72 p. _bil. a color _c23 cm. |
||
| 440 | 0 |
_aColección Uso y estilo _v6 _92445 |
|
| 500 | _aEl ejemplar 2 incluye invitación | ||
| 500 | _aCatálogo de la exposición realizada en el Museo Franz Mayer (Ciudad de México), 30 abril - 12 julio, 1998 | ||
| 500 | _a2 ejemplares en Biblioteca y 1 en el Área de Investigación | ||
| 504 | _aBibliografía : p. 59 | ||
| 546 | _aTexto en : inglés y español | ||
| 650 | 1 | 4 |
_aBordado en grano _zMéxico _92446 |
| 650 | 1 | 4 |
_aIndumentaria _zMéxico _9808 |
| 650 | 1 | 4 |
_aIndígenas de México _xIndumentaria _92447 |
| 700 | 1 |
_aMapelli Mozzi Parodi, Carlotta _92448 |
|
| 700 | 1 |
_aMaria y Campos, Alfonso de _92449 |
|
| 942 |
_2lcc _cB |
||
| 999 |
_c640 _d640 |
||